000 00342nam a2200145Ia 4500
008 150201s2002 xx 000 0 und d
082 _a612.015
_bT2002P
100 _aPATTABIRAMAN,T.N
245 _aTEXT BOOK OF BIOCHEMISTRY
250 _a2ND
260 _bAIPD
_aDELHI
_c2002
300 _a1-480
650 _aBIOCHEMISTRY
942 _2ddc
_cBK
999 _c3542
_d3542